[Event "North American Open 2008"]
[Site "Las Vegas United States"]
[Date "2008.12.29"]
[Round "7.6"]
[White "Lee, Michael"]
[Black "Sevillano, Enrico"]
[Result "0-1"]
[WhiteElo "2326"]
[BlackElo "2565"]
[PlyCount "106"]
[EventDate "2008.12.26"]
[SourceDate "2008.12.26"]

1. c4 e6 2. Nc3 d5 3. d4 Nf6 4. cxd5 exd5 5. Bg5 c6 6. e3 Qb6 7. Bxf6 gxf6 8.
Qc2 Na6 9. Rc1 Nc7 10. Bd3 h5 11. Nge2 h4 12. a3 Ne6 13. b4 a6 14. Na4 Qd8 15.
Nc5 Rg8 16. g3 Ng5 17. f4 Ne6 18. Kd2 a5 19. Qa4 Nc7 20. b5 b6 21. Nb3 cxb5 22.
Bxb5+ Nxb5 23. Qxb5+ Bd7 24. Qxd5 Bxa3 25. Qe4+ Kf8 26. Nc3 a4 27. Na1 Bxc1+
28. Rxc1 Rc8 29. gxh4 b5 30. Qd5 b4 31. Qd6+ Qe7 32. Qxe7+ Kxe7 33. Nd5+ Kd6
34. Rxc8 Rg2+ 35. Kd3 Bxc8 36. Nxb4 Rxh2 37. Nac2 Bf5+ 38. e4 Rh3+ 39. Ne3 Bd7
40. Nbc2 Rxh4 41. e5+ Kc6 42. f5 fxe5 43. dxe5 Kc5 44. Kc3 Re4 45. e6 fxe6 46.
fxe6 Bxe6 47. Kb2 Bb3 48. Kc3 Re8 49. Kb2 Re7 50. Ka3 Rh7 51. Kb2 Rh3 52. Nf1
Bxc2 53. Kxc2 a3 0-1

[Event "North American Open 2008"]
[Site "Las Vegas United States"]
[Date "2008.12.29"]
[Round "7.7"]
[White "Cicak, Slavko"]
[Black "Ginsburg, Mark"]
[Result "1/2-1/2"]
[WhiteElo "2664"]
[BlackElo "2410"]
[PlyCount "33"]
[EventDate "2008.12.26"]
[SourceDate "2008.12.26"]

1. e4 c5 2. Nf3 d6 3. c3 Nf6 4. Bc4 e6 5. Qe2 Be7 6. d4 cxd4 7. cxd4 d5 8. Bb5+
Nc6 9. e5 Ne4 10. O-O O-O 11. Bd3 Nb4 12. Bxe4 dxe4 13. Qxe4 Bd7 14. Qe2 Bc6
15. Be3 Bxf3 16. gxf3 f5 17. f4 1/2-1/2

[Event "North American Open 2008"]
[Site "Las Vegas United States"]
[Date "2008.12.29"]
[Round "7.9"]
[White "Shankland, Samuel"]
[Black "Zierk, Steven"]
[Result "1-0"]
[WhiteElo "2425"]
[BlackElo "2258"]
[PlyCount "79"]
[EventDate "2008.12.26"]
[SourceDate "2008.12.26"]

1. e4 e6 2. d4 d5 3. Nd2 Nf6 4. e5 Nfd7 5. Bd3 c5 6. c3 Nc6 7. Ndf3 cxd4 8.
cxd4 f6 9. exf6 Nxf6 10. Nh3 Bd6 11. O-O O-O 12. Re1 Qc7 13. Nhg5 e5 14. dxe5
Nxe5 15. Bxh7+ Nxh7 16. Nxe5 Nxg5 17. Bxg5 Rf5 18. Qxd5+ Kh7 19. f4 Bxe5 20.
Rxe5 Qb6+ 21. Kh1 Qxb2 22. Rae1 Rxe5 23. fxe5 Bf5 24. e6 Bg6 25. e7 Re8 26. h3
Qf2 27. Rc1 Qf5 28. Qd2 Qd3 29. Qf2 Qf5 30. Qh4+ Kg8 31. Rd1 Qc2 32. Rd2 Qc1+
33. Kh2 Qc7+ 34. g3 Qe5 35. Rf2 Qe1 36. Qc4+ Kh7 37. Rf8 Be4 38. Qg8+ Kg6 39.
Rf6+ Kh5 40. g4+ 1-0

[Event "North American Open 2008"]
[Site "Las Vegas United States"]
[Date "2008.12.29"]
[Round "7.10"]
[White "Belliard, Luis"]
[Black "Mezentsev, Vladimir"]
[Result "1-0"]
[WhiteElo "2207"]
[BlackElo "2440"]
[PlyCount "103"]
[EventDate "2008.12.26"]
[SourceDate "2008.12.26"]

1. d4 d5 2. Nf3 Bf5 3. Bf4 c6 4. c3 Nf6 5. Qb3 Qb6 6. Nbd2 Nbd7 7. h3 h6 8. e3
g5 9. Bh2 Bg7 10. Ne5 O-O 11. Be2 a5 12. O-O a4 13. Nxd7 Nxd7 14. Qxb6 Nxb6 15.
f3 c5 16. a3 Rfc8 17. f4 gxf4 18. Bxf4 Bg6 19. Nf3 Nd7 20. Rad1 c4 21. Ne5 Nxe5
22. Bxe5 Bxe5 23. dxe5 Rc5 24. Rf2 Ra6 25. Rd2 Rb6 26. Bg4 Kg7 27. Bf5 Bxf5 28.
Rxf5 Rcb5 29. Rff2 Kf8 30. Kf1 Rg6 31. Rd4 Rc5 32. Rdf4 Rg7 33. g4 Rc6 34. Rd2
e6 35. e4 dxe4 36. Rxe4 h5 37. gxh5 Rg5 38. Rh4 Kg7 39. h6+ Kh7 40. Rf4 Rf5 41.
Rxf5 exf5 42. Rd7 Rb6 43. Rxf7+ Kxh6 44. Rf6+ Rxf6 45. exf6 Kg6 46. f7 Kxf7 47.
Kf2 Kf6 48. Kg3 Kg5 49. h4+ Kh5 50. Kf4 Kxh4 51. Kxf5 Kg3 52. Ke4 1-0

[Event "North American Open 2008"]
[Site "Las Vegas United States"]
[Date "2008.12.29"]
[Round "7.19"]
[White "Aigner, Michael"]
[Black "Haessel, Dale"]
[Result "1-0"]
[WhiteElo "2272"]
[BlackElo "2210"]
[PlyCount "65"]
[EventDate "2008.12.26"]
[SourceDate "2008.12.26"]

1. d4 Nf6 2. Bg5 e6 3. e4 h6 4. Bxf6 Qxf6 5. Nf3 d6 6. Bd3 Nd7 7. Nc3 a6 8. Qe2
Qd8 9. O-O Be7 10. e5 O-O 11. Ne4 Nb6 12. c4 d5 13. c5 dxe4 14. Qxe4 g6 15.
cxb6 c5 16. Qe3 cxd4 17. Qxh6 Bd7 18. h4 Re8 19. h5 Bf8 20. Qf4 gxh5 21. Ng5
Re7 22. Ne4 Bg7 23. Nf6+ Kf8 24. Qg5 Bc6 25. Qxh5 Rd7 26. Qg5 Rd5 27. Qf4 Rxe5
28. Qxe5 Bxf6 29. Qa5 Ke7 30. Rac1 Qh8 31. Rxc6 bxc6 32. b7 Be5 33. Qxe5 1-0

[Event "North American Open 2008"]
[Site "Las Vegas United States"]
[Date "2008.12.29"]
[Round "7.25"]
[White "Brownscombe, Tom"]
[Black "Kitagami, Show"]
[Result "1-0"]
[WhiteElo "2206"]
[BlackElo "2075"]
[PlyCount "43"]
[EventDate "2008.12.26"]
[SourceDate "2008.12.26"]

1. e4 c5 2. Nf3 d6 3. d4 cxd4 4. Nxd4 Nf6 5. Nc3 a6 6. a4 g6 7. Be2 Bg7 8. O-O
O-O 9. Be3 Nc6 10. h3 Bd7 11. Qd2 Rc8 12. Rad1 Re8 13. f4 Qc7 14. Nf3 Qa5 15.
Rfe1 Red8 16. Bc4 Qc7 17. Qf2 Na5 18. Bxf7+ Kxf7 19. Bb6 Qc4 20. Bxa5 Rf8 21.
e5 Ne8 22. e6+ 1-0

[Event "North American Open 2008"]
[Site "Las Vegas United States"]
[Date "2008.12.29"]
[Round "7.28"]
[White "Velikanov, Alexander"]
[Black "Yee, Michael"]
[Result "1/2-1/2"]
[WhiteElo "2046"]
[BlackElo "2142"]
[PlyCount "50"]
[EventDate "2008.12.26"]
[SourceDate "2008.12.26"]

1. e4 c5 2. Nf3 d6 3. d4 cxd4 4. Nxd4 Nf6 5. Nc3 g6 6. Be3 Bg7 7. f3 O-O 8. Qd2
Nc6 9. Bc4 a6 10. O-O-O Na5 11. Bb3 b5 12. h4 Nc4 13. Bxc4 bxc4 14. Kb1 Re8 15.
g4 Bd7 16. h5 Qa5 17. hxg6 fxg6 18. Nd5 Qxd2 19. Nxf6+ Bxf6 20. Rxd2 Rf8 21.
Rdh2 Rf7 22. c3 Raf8 23. Kc2 Bxd4 24. cxd4 Rxf3 25. Rxh7 Bxg4 1/2-1/2

[Event "North American Open 2008"]
[Site "Las Vegas United States"]
[Date "2008.12.29"]
[Round "7.31"]
[White "Adelberg, David"]
[Black "Huang, Richard"]
[Result "1-0"]
[WhiteElo "2031"]
[BlackElo "2002"]
[PlyCount "71"]
[EventDate "2008.12.26"]
[SourceDate "2008.12.26"]

1. d4 d5 2. c4 c6 3. Nf3 Nf6 4. Nc3 g6 5. Bf4 Bg7 6. e3 O-O 7. Bd3 e6 8. O-O
Nbd7 9. Qe2 dxc4 10. Bxc4 Nd5 11. Bg3 Nxc3 12. bxc3 Qa5 13. Rac1 e5 14. e4 exd4
15. cxd4 b5 16. Bb3 Bb7 17. Bd6 Bh6 18. Bxf8 Bxc1 19. Rxc1 Rxf8 20. Qe3 Qd8 21.
Qf4 a5 22. e5 Kg7 23. Ng5 Qe7 24. Qh4 h6 25. Ne6+ Qxe6 26. Bxe6 fxe6 27. Qe7+
Rf7 28. Qxe6 Nb6 29. Rxc6 Bxc6 30. Qxc6 Na4 31. Qxb5 Nc3 32. Qc4 Ne4 33. f3 Ng5
34. h4 Nh7 35. d5 Nf8 36. d6 1-0